Sociedad e innovación en época de pospandemia : el virus que activó la innovación /

Bibliographic Details
Other Authors: Ramírez Salazar, María del Pilar (Editor), Nieves Plata, Manuel Enrique (Editor)
Format: Electronic eBook
Language:Spanish
Published: Bogotá D.C., Colombia : Universidad EAN, [2024]
Edition:Primera edición.
Series:Ciencia, tecnología e innovación (Universidad EAN)
Subjects:
Online Access:Digitalia Hispánica

MARC

LEADER 00000nam a2200000Ii 4500
001 DIGUEAN0033
003 NyNyDIG
006 m o d
007 cr |||||||||||
008 250614s2024 ck a ob 000 0 spa d
035 |a (OCoLC)1525188686 
040 |a DGITA  |b eng  |e rda  |e pn  |c DGITA 
020 |a 9789587567137  |q (pdf) 
024 7 |a https://doi.org/10.57793/9789587567137 
041 0 |a spa  |b spa  |b eng 
043 |a s-ck--- 
050 1 4 |a RA644.C67 ebook 
245 0 0 |a Sociedad e innovación en época de pospandemia :  |b el virus que activó la innovación /  |c editores académicos, María del Pilar Ramírez Salazar, Manuel Enrique Nieves Plata. 
250 |a Primera edición. 
264 1 |a Bogotá D.C., Colombia :  |b Universidad EAN,  |c [2024] 
300 |a 1 online resource :  |b illustrations. 
336 |a text  |b txt  |2 rdacontent 
337 |a computer  |b c  |2 rdamedia 
338 |a online resource  |b cr  |2 rdacarrier 
347 |a text file  |2 rdaft 
347 |b PDF 
490 1 |a Ciencia, tecnología e innovación 
504 |a Includes bibliographical references. 
546 |a Text in Spanish with abstract in Spanish and English in each chapter. 
588 0 |a Online resource; title from PDF title page (Digitalia, viewed June 14, 2025) 
650 0 |a COVID-19 Pandemic, 2020-2023  |x Social aspects. 
650 0 |a Technological innovations  |x Social aspects. 
651 0 |a Colombia  |x Social conditions  |y 21st century. 
700 1 |a Ramírez Salazar, María del Pilar,  |e editor. 
700 1 |a Nieves Plata, Manuel Enrique,  |e editor. 
791 2 |a Digitalia (Firm),  |e distributor. 
793 0 |g Digitalia eBook Collection:  |a Universidad EAN 
830 0 |a Ciencia, tecnología e innovación (Universidad EAN) 
856 4 0 |3 Digitalia Hispánica  |u https://www.digitaliapublishing.com/a/170564/ 
910 |a Premium collection: 2025